Online
Catalog

Historia de la refinería dominicana de petróleo S. A. : (Record no. 44915)

MARC details
000 -CABECERA
campo de control de longitud fija 01068nam a2200289 a 4500
001 - NÚMERO DE CONTROL
campo de control 000045426
003 - IDENTIFICADOR DEL NÚMERO DE CONTROL
campo de control OSt
005 - FECHA Y HORA DE LA ÚLTIMA TRANSACCIÓN
campo de control 20201029111003.0
008 - DATOS DE LONGITUD FIJA--INFORMACIÓN GENERAL
campo de control de longitud fija 150309s2014 dr ac 000 0 spa d
020 ## - NÚMERO INTERNACIONAL ESTÁNDAR DEL LIBRO
Número Internacional Estándar del Libro 9789945893007
040 ## - FUENTE DE LA CATALOGACIÓN
Centro catalogador/agencia de origen DO-SdBNP
Lengua de catalogación spa
Centro/agencia transcriptor BNPHU
082 ## - NÚMERO DE LA CLASIFICACIÓN DECIMAL DEWEY
Número de clasificación xxxxxx
Número de documento/Ítem xxxxxx
100 1# - ENTRADA PRINCIPAL--NOMBRE DE PERSONA
Nombre de persona Delgado Mestres, Alicia
9 (RLIN) 73478
245 10 - MENCIÓN DE TÍTULO
Título Historia de la refinería dominicana de petróleo S. A. :
Resto del título (1973-2013) /
Mención de responsabilidad, etc. Alicia Delgado y Mestres ; colaboradores Eduardo Delgado y Suárez, Néstor Rodríguez Silberberg, Ana Pöu... [et al]
260 ## - PUBLICACIÓN, DISTRIBUCIÓN, ETC.
Lugar de publicación, distribución, etc. Santo Domingo :
Nombre del editor, distribuidor, etc. Alfa y Omega,
Fecha de publicación, distribución, etc. 2014.
300 ## - DESCRIPCIÓN FÍSICA
Extensión 81 p. :
Otras características físicas il., retrs. ;
Dimensiones 23 cm.
504 ## - NOTA DE BIBLIOGRAFÍA, ETC.
Nota de bibliografía, etc. Bibliografía : p. 81
590 ## - NOTA LOCAL (RLIN)
Nota local Inventariado, 2020/ YL
700 12 - PUNTO DE ACCESO ADICIONAL--NOMBRE DE PERSONA
Nombre de persona Delgado Suárez, Eduardo
Término indicativo de función/relación col.
9 (RLIN) 77055
700 12 - PUNTO DE ACCESO ADICIONAL--NOMBRE DE PERSONA
Nombre de persona Rodríguez Silberberg, Néstor
Término indicativo de función/relación col.
9 (RLIN) 77056
700 12 - PUNTO DE ACCESO ADICIONAL--NOMBRE DE PERSONA
Nombre de persona Pou, Ana
Término indicativo de función/relación col.
9 (RLIN) 77057
700 12 - PUNTO DE ACCESO ADICIONAL--NOMBRE DE PERSONA
Nombre de persona Bautista, José
Término indicativo de función/relación col.
9 (RLIN) 77058
700 12 - PUNTO DE ACCESO ADICIONAL--NOMBRE DE PERSONA
Nombre de persona Mieses, Isaolim
Término indicativo de función/relación col.
9 (RLIN) 77059
700 12 - PUNTO DE ACCESO ADICIONAL--NOMBRE DE PERSONA
Nombre de persona Figuereo, Máximo
Término indicativo de función/relación col.
9 (RLIN) 20585
700 12 - PUNTO DE ACCESO ADICIONAL--NOMBRE DE PERSONA
Nombre de persona Mañon, Emmanuel
Término indicativo de función/relación col.
9 (RLIN) 77060
942 ## - ELEMENTOS DE PUNTO DE ACCESO ADICIONAL (KOHA)
Fuente del sistema de clasificación o colocación Dewey Decimal Classification
Tipo de ítem Koha Libro
Holdings
Estado de retiro Estado de pérdida Fuente del sistema de clasificación o colocación Restricciones de uso No para préstamo Código de colección Localización permanente Ubicación/localización actual Ubicación en estantería Fecha de adquisición Fuente de adquisición Número de inventario Total de préstamos Signatura topográfica completa Código de barras Fecha visto por última vez Número de copia Precio válido a partir de Tipo de ítem Koha
    Dewey Decimal Classification Préstamo en sala Préstamo en sala Dominicana de Servicio General General Depósito 13.05.2019 Arlene Baez LF1   xxxxxx xxxxxx 45426-30 25.06.2020 e. 3 25.06.2020 Libro y Folleto Colección Dominicana de Servicio
    Dewey Decimal Classification Préstamo en sala Préstamo en sala Dominicana de Servicio General General Depósito 15.10.2015 Editora Alfa y Omega LF1   xxxxxx xxxxxx 2020-0286 30.10.2020 e. 4 25.06.2020 Libro y Folleto Colección Dominicana de Servicio
    Dewey Decimal Classification Préstamo en sala Préstamo en sala Dominicana de Servicio General General Depósito 15.10.2015 Editora Alfa y Omega LF1   xxxxxx xxxxxx 2020-0287 30.10.2020 e. 5 25.06.2020 Libro y Folleto Colección Dominicana de Servicio
    Dewey Decimal Classification Excluido de préstamo Excluido de préstamo Patrimonio Dominicano Patrimonio Dominicano Patrimonio Dominicano Depósito 02.02.2015 Donado por la autora LF1   xxxxxx xxxxxx 45426-10 25.06.2020   25.06.2020 Libro y Folleto Colección Patrimonio Dominicano
    Dewey Decimal Classification Excluido de préstamo Excluido de préstamo Patrimonio Dominicano Patrimonio Dominicano Patrimonio Dominicano Depósito 02.02.2015 Donado por la autora LF1   xxxxxx xxxxxx 45426-20 25.06.2020 e. 2 25.06.2020 Libro y Folleto Colección Patrimonio Dominicano

Powered by Koha